Memoria que a la Junta General de la Asociación de Propietarios de Fincas Urbanas de Madrid y su zona de ensanche presenta la Directiva el 28 de noviembre de 1869. (Record no. 173652)

MARC details
000 -LEADER
campo de control de longitud fija 00748nam a22001695i 4500
001 - NÚMERO DE CONTROL
campo de control 173652
003 - IDENTIFICADOR DE NÚMERO DE CONTROL
campo de control ES-MaACL
005 - FECHA Y HORA DE LA ÚLTIMA TRANSACCIÓN
campo de control 20230906215314.0
008 - DATOS DE LONGITUD FIJA--INFORMACIÓN GENERAL
campo de control de longitud fija 091223s1869 sp |||| | spa d
080 ## - NÚMERO DE LA CLASIFICACIÓN DECIMAL UNIVERSAL
Número de la Clasificación Decimal Universal 332.21:061.239(460.27 M.)
110 2# - ENTRADA PRINCIPAL--NOMBRE DE ENTIDAD CORPORATIVA
Nombre de entidad corporativa o nombre de jurisdicción como elemento de entrada Asociación de Propietarios de Fincas Urbanas de Madrid y su Zona de Ensanche.
9 (RLIN) 1629
245 10 - MENCIÓN DEL TÍTULO
Título Memoria que a la Junta General de la Asociación de Propietarios de Fincas Urbanas de Madrid y su zona de ensanche presenta la Directiva el 28 de noviembre de 1869.
260 ## - PUBLICACIÓN, DISTRIBUCIÓN, ETC.
Lugar de publicación, distribución, etc. Madrid :
Nombre del editor, distribuidor, etc. [s.n.],
Fecha de publicación, distribución, etc. 1869 (
Fabricante Imp. Universal)
300 ## - DESCRIPCIÓN FÍSICA
Extensión 64 p. ;
Dimensiones 21 cm.
610 24 - PUNTO DE ACCESO ADICIONAL DE MATERIA--NOMBRE DE ENTIDAD CORPORATIVA
Nombre de entidad corporativa o nombre de jurisdicción como elemento de entrada Asociación de Propietarios de Fincas Urbanas de Madrid y su Zona de Ensanche-
Subdivisión de forma Memorias.
9 (RLIN) 150847
852 4# - LOCALIZACIÓN
Ubicación ES-MaACL
Número de control de estantería T-105-F-10
Holdings
Estatus retirado Estado de pérdida Estado de daño No para préstamo Colección Biblioteca de origen Biblioteca actual Ubicación en estantería Fecha de adquisición Fuente de adquisición Total de préstamos Signatura topográfica completa Código de barras Visto por última vez Precio de reemplazo Tipo de ítem Koha
        Colección de folletos Biblioteca del Ateneo de Madrid Biblioteca del Ateneo de Madrid Depósito folletos 23/12/2009     T-105-F-10 1182230 23/02/2023 23/02/2023 Folleto